|
|
|
|
| LEADER |
00000cam a2200000 7i4500 |
| 001 |
0000003788 |
| 005 |
20110621.0 |
| 020 |
0 |
0 |
|a 9789839269567
|
| 090 |
0 |
0 |
|a JPSM 634.9209595
|b BIO 2007
|
| 111 |
2 |
|
|a National Conference on the Management and Conservation of Forest Biodiversity in Malaysia
|d (2007:\cPutrajaya)
|
| 245 |
0 |
4 |
|a Forest biodiversity for better life :
|b proceedings of the National Conference on the Management and Conservation of Forest Biodiversity in Malaysia, 20-21 March 2007, Putrajaya Malaysia
|
| 260 |
0 |
0 |
|a Kuala Lumpur :
|b Jabatan Perhutanan Semenanjung Malaysia ,
|c 2007
|
| 300 |
|
|
|a vii.690 p. :
|b ill.col. ;
|c 28 cm.
|
| 650 |
0 |
0 |
|a Forest management---Environmental aspects---Malaysia---Congresses
|
| 650 |
0 |
0 |
|a Forest management---Malaysia---Congresses
|
| 710 |
1 |
1 |
|a Institut Penyelidikan Perhutanan Malaysia (FRIM)
|
| 998 |
|
|
|a JPSM
|
| 999 |
|
|
|a 007383
|b Monograph
|c Open Shelf
|e Default branch
|
| 999 |
|
|
|a 007385
|b Monograph
|c Open Shelf
|e Default branch
|
| 999 |
|
|
|a 007386
|b Monograph
|c Open Shelf
|e Default branch
|
| 999 |
|
|
|a 007387
|b Monograph
|c Open Shelf
|e Default branch
|